00328nam a22001337a 4500003000700000005001700007008004100024082002000065100002000085245004300105260003300148300000800181650000500189MPLRDC20220104144306.0210129b ||||| |||| 00| 0 eng d a868.71 KC 1996* a龙意慧主编 a文字的味道遗落在一九九六c ab坤成女中华文学会c b平 a